00236 a2200121 4500001000700000020000600007040001100013100002400024240002700048245002200075362000900097440000800106176868 a  cMagnum aBernardino, Adriana10aO tear das moiraslpor10aO tear das moiras0 a1899 1aFTD